Clash Royale Troops - Statistics

General Stats
  • This quiz has been taken 71 times
    63 since last reset
  • The average score is 51 of 113
Answer Stats
Elixir Type Answer % Correct
5 Troop Prince
92%
1 Troop Skeleton
85%
1 Troop Fire Spirit
81%
5 Troop Giant
81%
1 Troop Ice Spirit
81%
4 Spell Fireball
75%
2 Troop Goblins
75%
3 Troop Princess
75%
2 Spell Zap
75%
3 Building Cannon
73%
3 Troop Knight
73%
7 Troop Pekka
71%
1 Troop Electro Spirit
67%
4 Troop Mini Pekka
67%
5 Troop Barbarians
65%
4 Troop Hog Rider
65%
2 Troop Spear Goblins
65%
3 Troop Archers
63%
3 Spell Arrows
63%
4 Troop Dark Prince
63%
1 Troop Heal Spirit
63%
2 Spell Log
63%
7 Troop Mega Knight
63%
3 Troop Skeleton Army
63%
5 Troop Archer Queen
60%
4 Troop Electro Wizard
60%
3 Spell Goblin Barrel
60%
8 Troop Golem
60%
6 Spell Lightning
60%
x+1 Spell Mirror
60%
5 Troop Witch
60%
5 Troop Wizard
60%
3 Troop Goblin Gang
56%
3 Troop Ice Wizard
56%
2 Spell Rage
56%
6 Spell Rocket
56%
4 Troop Skeleton King
56%
6 Troop Goblin Giant
54%
4 Building Bomb Tower
52%
4 Troop Golden Knight
52%
4 Troop Musketeer
52%
9 Troop Three Musketeers
52%
6 Building Barbarian Hut
50%
3 Troop Skeleton Barrel
50%
4 Building Tesla
50%
4 Troop Baby Dragon
48%
5 Troop Balloon
48%
3 Troop Bandit
48%
5 Building Goblin Hut
48%
2 Spell Barbarian Barrel
46%
2 Troop Bomber
46%
5 Building Inferno Tower
46%
4 Troop Night Witch
46%
4 Troop Inferno Dragon
44%
4 Troop Mother Witch
44%
6 Troop Royal Giant
44%
2 Troop Ice Golem
42%
3 Troop Minions
42%
4 Spell Poison
42%
7 Troop Royal Recruits
42%
3 Building Tombstone
42%
4 Troop Valkyrie
42%
5 Troop Electro Dragon
40%
7 Troop Electro Giant
40%
6 Troop Elite Barbarians
40%
3 Troop Elixir Golem
40%
4 Building Goblin Cage
40%
3 Troop Miner
40%
5 Troop Monk
40%
6 Building X-Bow
40%
x Tower Cannoneer
38%
6 Troop Giant Skeleton
38%
5 Spell Graveyard
38%
3 Troop Little Prince
38%
5 Troop Minion Horde
38%
4 Building Mortar
38%
6 Troop Sparky
38%
2 Troop Bats
35%
3 Spell Earthquake
35%
2 Troop Wall Breakers
35%
3 Spell Clone
33%
4 Spell Freeze
33%
4 Building Furnace
33%
4 Troop Mighty Miner
33%
3 Spell Royal Delivery
33%
3 Troop Dart Goblin
31%
2 Spell Giant Snowball
31%
4 Troop Lumberjack
31%
4 Troop Magic Archer
31%
3 Troop Mega Minion
31%
5 Troop Royal Hogs
31%
3 Troop Firecracker
29%
7 Troop Lavahound
29%
x Tower Tower Princess
29%
4 Troop Battle Ram
27%
5 Troop Cannon Cart
25%
5 Troop Ram Rider
25%
3 Spell Tornado
25%
5 Troop Bowler
23%
x Tower Dagger Duchess
23%
3 Troop Guards
23%
3 Troop Royal Ghost
23%
4 Troop Skeleton Dragon
23%
4 Troop Zappies
21%
6 Building Elixir Pump
19%
5 Troop Executioner
19%
4 Troop Battle Healer
17%
4 Troop Hunter
17%
5 Troop Rascals
17%
3 Troop Fisherman
13%
4 Building Goblin Drill
13%
4 Troop Phoenix
13%
4 Troop Battle Machine
2%
No matching quizzes found
Score Distribution
Percent of People with Each Score
Percentile by Number Answered
Your Score History
You have not taken this quiz since the last reset